|
|
|
|
| LEADER |
03249nam a2200889 i 4500 |
| 001 |
nkc20182982694 |
| 003 |
CZ PrNK |
| 005 |
20190920165235.0 |
| 007 |
ta |
| 008 |
180302s2018 xr e f 000 0 cze |
| 015 |
|
|
|a cnb002982694
|
| 020 |
|
|
|a 978-80-906945-2-1
|q (brožováno)
|
| 035 |
|
|
|a (OCoLC)1122794971
|
| 040 |
|
|
|a OLA001
|b cze
|e rda
|
| 041 |
1 |
|
|a cze
|a pol
|h pol
|
| 072 |
|
7 |
|a 2-74
|x Náboženské právo. Církevní právo
|2 Konspekt
|9 5
|
| 080 |
|
|
|a 2-42/-45
|2 MRF
|
| 080 |
|
|
|a 27-74
|2 MRF
|
| 080 |
|
|
|a 27-74-788-428
|2 MRF
|
| 080 |
|
|
|a 27-788-1/-9
|2 MRF
|
| 080 |
|
|
|a 27-788
|2 MRF
|
| 080 |
|
|
|a 27-789.6
|2 MRF
|
| 080 |
|
|
|a 27-786
|2 MRF
|
| 080 |
|
|
|a 272-1/-9
|2 MRF
|
| 080 |
|
|
|a (048.8)
|2 MRF
|
| 080 |
|
|
|a (042.3)
|2 MRF
|
| 080 |
|
|
|a (093)
|2 MRF
|
| 080 |
|
|
|a (035)
|2 MRF
|
| 245 |
0 |
0 |
|a Aktuální témata.
|n IV,
|p Disciplinární postupy, práva a povinnosti /
|c překlady z polštiny: Roman Madecki
|
| 246 |
3 |
0 |
|a Disciplinární postupy, práva a povinnosti
|
| 250 |
|
|
|a První vydání
|
| 264 |
|
1 |
|a Brno :
|b Akademie kanonického práva,
|c 2018
|
| 300 |
|
|
|a 277 stran ;
|c 24 cm
|
| 336 |
|
|
|a text
|b txt
|2 rdacontent
|
| 337 |
|
|
|a bez média
|b n
|2 rdamedia
|
| 338 |
|
|
|a svazek
|b nc
|2 rdacarrier
|
| 490 |
1 |
|
|a Studium zasvěceného života ;
|v 4. svazek
|
| 504 |
|
|
|a Obsahuje bibliografické odkazy
|
| 546 |
|
|
|a Částečně souběžný polský text
|
| 610 |
2 |
7 |
|a Katolická církev
|7 kn20010710145
|2 czenas
|
| 630 |
0 |
7 |
|a Codex Iuris Canonici
|7 unn2006374829
|2 czenas
|
| 650 |
0 |
7 |
|a církevní kázeň
|7 ph582105
|2 czenas
|
| 650 |
0 |
7 |
|a kanonické právo
|7 ph114862
|2 czenas
|
| 650 |
0 |
7 |
|a řeholní právo
|7 ph116891
|2 czenas
|
| 650 |
0 |
7 |
|a zasvěcený život
|7 ph127544
|2 czenas
|
| 650 |
0 |
7 |
|a řeholní život
|7 ph128285
|2 czenas
|
| 650 |
0 |
7 |
|a řeholní řády
|7 ph116892
|2 czenas
|
| 650 |
0 |
7 |
|a řeholní kongregace
|7 ph128282
|2 czenas
|
| 650 |
0 |
7 |
|a instituty zasvěceného života
|7 ph121124
|2 czenas
|
| 650 |
0 |
7 |
|a společnosti apoštolského života
|7 ph125932
|2 czenas
|
| 650 |
0 |
7 |
|a učení katolické církve
|7 ph135482
|2 czenas
|
| 650 |
0 |
9 |
|a church discipline
|2 eczenas
|
| 650 |
0 |
9 |
|a canon law
|2 eczenas
|
| 650 |
0 |
9 |
|a monastic law
|2 eczenas
|
| 650 |
0 |
9 |
|a devotional life
|2 eczenas
|
| 650 |
0 |
9 |
|a monastic life
|2 eczenas
|
| 650 |
0 |
9 |
|a monastic orders
|2 eczenas
|
| 650 |
0 |
9 |
|a regular congregations
|2 eczenas
|
| 650 |
0 |
9 |
|a institutes of consecrated life
|2 eczenas
|
| 650 |
0 |
9 |
|a societies of apostolic life
|2 eczenas
|
| 650 |
0 |
9 |
|a Catholic doctrine
|2 eczenas
|
| 655 |
|
7 |
|a studie
|7 fd133597
|2 czenas
|
| 655 |
|
7 |
|a přednášky
|7 fd133199
|2 czenas
|
| 655 |
|
7 |
|a prameny
|7 fd131865
|2 czenas
|
| 655 |
|
7 |
|a příručky
|7 fd133209
|2 czenas
|
| 655 |
|
9 |
|a studies
|2 eczenas
|
| 655 |
|
9 |
|a lectures
|2 eczenas
|
| 655 |
|
9 |
|a sources
|2 eczenas
|
| 655 |
|
9 |
|a handbooks and manuals
|2 eczenas
|
| 700 |
1 |
|
|a Madecki, Roman,
|d 1969-
|7 mzk2007411412
|4 trl
|
| 830 |
|
0 |
|a Studium zasvěceného života
|0 s
|
| 910 |
2 |
|
|a BOA001
|b 2-1387.413,4
|
| 990 |
|
|
|a BK
|
| 995 |
|
|
|a 01
|
| 991 |
|
|
|b 201909
|c NOV
|
| 996 |
6 |
|
|b 2610793129
|c 2-1387.413,4
|l MZK
|r Sklad / do 1 hodiny
|n 0
|p p.v.
|w 001752086
|u 000010
|a 1
|e BOA001
|j MZK50
|s P
|
| 996 |
7 |
|
|b 2610793130
|c 2-1387.413,4
|l MZK
|r Sklad / do 1 hodiny
|n 1
|p p.v.
|w 001752086
|u 000020
|a 1
|e BOA001
|j MZK50
|s A
|